Normal view
MARC view
Entry Personal Name
001 - CONTROL NUMBER
- control field: 2990
003 - CONTROL NUMBER IDENTIFIER
- control field: BD-RjUL
005 - DATE AND TIME OF LATEST TRANSACTION
- control field: 20220512131349.0
008 - FIXED-LENGTH DATA ELEMENTS
- fixed length control field: 220512|| aca||aabn | a|a d
040 ## - CATALOGING SOURCE
- Original cataloging agency: BD-RjUL
- Transcribing agency: BD-RjUL
100 ## - HEADING--PERSONAL NAME
- Personal name: Awal, Md. Abdul, phd, Co-Supervisor
670 ## - SOURCE DATA FOUND
- Source citation: Work cat.: (BD-RjUL)79795: Huda, Md. Nazmul 1509, Comparative study on some hepatoprotective herbal formulations against carbon tetrachloride induced hepatotoxicity in Rats, 2009